01022nam a2200193 a 4500008004100000020001500041041000800056100002100064245011400085250001100199260004200210300001000252500014900262653005900411653014600470653008400616653007200700653005600772110706t1995 sp |||f |||| 001 0 spa d a848549847X aspa1 aSchnitmann, Luis aTratamiento de las drogodependencias.bHeroína, cocaína, alcohol, tabaco, sintéticos /cLuis Schnitmann a1a ed. aMadrid:bEditorial Grupo Cero;c1995. a80 p. aSchnitmann, L. (1995). Tratamiento de las drogodependencias: Heroína, cocaína, alcohol, tabaco, sintéticos. (1a ed.). Madrid : Grupo Cero. 3aLa enfermedad social-psiquiatrica. Niveles de gravedad aCortar el cordon umbilical. Distintas manifestaciones, el mismo punto de vista psicoanalitico (heroina, cocaina, alchool, tabaco, sinteticos) aIndicaciones tepareuticas. Criterios para el reordenamiento de las indicaciones aEjercicios clínicos. Un caso tipico de "lo que pasa con la droga" 3aLa prevención en entredicho o la crisis del padre